000 01081nam a22002057a 4500
999 _c62523
_d62523
005 20241128134545.0
008 241128s2019 ru ||||| |||| 00| 0 rus d
020 _a9785001462842 X
041 _arus
080 _a316.62 Г-85
100 _a Грин, Нэт
_923811
_eАвтор
245 _aХватит гадать! = STOP GUESSING :
_bДевять стратегий для решения любых проблем /
_c Нэт Грин, пер. с англ.В. Стерановой
264 _aМосква:
_bМанн, Иванов и Фербер,
_c2019.
300 _a180 c.;
_b22 cm.
653 _aХватит гадать! Девять стратегий для решения любых проблем
653 _aშეწყვიტე გამოცნობა! ცხრა სტრატეგია ნებისმიერი პრობლემის გადასაჭრელა
653 _aსოციალური ქცევა
700 _aСтерановой, В.
_eმთარგმნელი
_923812
942 _2udc
_cBK